Handbook of fluid dynamics / (Record no. 62466)

000 -LEADER
fixed length control field 00548 a2200169 4500
020 ## - INTERNATIONAL STANDARD BOOK NUMBER
International Standard Book Number 0849325099
020 ## - INTERNATIONAL STANDARD BOOK NUMBER
International Standard Book Number 9780849325090
082 04 - DEWEY DECIMAL CLASSIFICATION NUMBER
Classification number 620.106
090 ## - LOCALLY ASSIGNED LC-TYPE CALL NUMBER (OCLC); LOCAL CALL NUMBER (RLIN)
-- 844
-- 844
100 ## - MAIN ENTRY--PERSONAL NAME
Personal name Johnson, Richard W.
245 10 - TITLE STATEMENT
Title Handbook of fluid dynamics /
Statement of responsibility, etc. Richard W. Johnson.
260 ## - PUBLICATION, DISTRIBUTION, ETC.
Place of publication, distribution, etc. [S.l.] :
Name of publisher, distributor, etc. CRC Press,
Date of publication, distribution, etc. 1998.
300 ## - PHYSICAL DESCRIPTION
Extent 1952 p. ;
Dimensions 27 cm.
700 1# - ADDED ENTRY--PERSONAL NAME
Personal name Johnson, Richard W.
942 ## - ADDED ENTRY ELEMENTS (KOHA)
Institution code [OBSOLETE] SNS
Koha item type Book
Call number prefix 620.106 JOH
Holdings
Withdrawn status Lost status Source of classification or shelving scheme Damaged status Not for loan Permanent Location Current Location Shelving location Date acquired Source of acquisition Cost, normal purchase price Total Checkouts Full call number Barcode Date last seen Cost, replacement price Price effective from Koha item type
          Pakistan Navy Engineering College (PNEC) Pakistan Navy Engineering College (PNEC) Reference 01/16/2015 Progressive International Agency / Reference Grant 10500.00   620.106 JOH PNECLIB-031959 03/02/2015 10500.00 01/16/2015 Book
© 2023 Central Library, National University of Sciences and Technology. All Rights Reserved.